000 00336nam a2200145Ia 4500
005 20251222141948.0
008 251222s9999||||xx |||||||||||||| ||spa||
020 _a8471029866
082 _aREF.610.3/J77
100 _aJoven Maried, Jorge
245 0 _aDiccionario de Medicina
250 _a1ra. ed.
264 _bMarĂ­n
942 _cLIB
999 _c9596
_d9596